000 00319nam a22001457a 4500
008 210308b ||||| |||| 00| 0 eng d
020 _a0387900624
041 _aeng
080 _a51
082 _a51
100 _a37
101 _aMAT
245 _aFunctions of One Complex Variable
_cConway, J.B
942 _2udc
_cBK
999 _c55919
_d55919